000 005210000a22001690004500
090 _aAs
_bSeriadas
100 1 _aAguirre Santoro, Julián
_9100477
700 1 _aBetancur, Julio
_94620
245 1 0 _aSinopsis del género Aechmea (Bromeliaceae) para Colombia
041 0 _aEspañol
650 1 4 _aEspecies endémicas
_992935
650 1 4 _aEspecies nuevas
_913627
650 1 4 _aDistribución geográfica
_992997
650 1 4 _aDescripción de especies
_915405
942 _cARTICULO
773 1 _tCaldasia
_h2
_q265-288
_d2008
_g30
999 _c16267
_d16267